<?xml version="1.0" encoding="UTF-8"?>
<collection xmlns="http://www.loc.gov/MARC21/slim">
 <record>
  <leader>01436nam a2200325 a 4500</leader>
  <controlfield tag="001">32263</controlfield>
  <controlfield tag="003">BD-DhAAL</controlfield>
  <controlfield tag="005">20171026115100.0</controlfield>
  <controlfield tag="008">171025s2012    -usab         000 0 eng  </controlfield>
  <datafield tag="999" ind1=" " ind2=" ">
   <subfield code="c">38422</subfield>
   <subfield code="d">38422</subfield>
  </datafield>
  <datafield tag="010" ind1=" " ind2=" ">
   <subfield code="a">  2010930764</subfield>
  </datafield>
  <datafield tag="020" ind1=" " ind2=" ">
   <subfield code="a">9781413033151 (pbk.)</subfield>
  </datafield>
  <datafield tag="020" ind1=" " ind2=" ">
   <subfield code="a">1413033156 (pbk.)</subfield>
  </datafield>
  <datafield tag="040" ind1=" " ind2=" ">
   <subfield code="a">DLC</subfield>
   <subfield code="c">DLC</subfield>
   <subfield code="d">DLC</subfield>
   <subfield code="d">BD-DhAAL</subfield>
  </datafield>
  <datafield tag="050" ind1="0" ind2="0">
   <subfield code="a">PE1417</subfield>
   <subfield code="b">.D6124 2012</subfield>
  </datafield>
  <datafield tag="082" ind1=" " ind2=" ">
   <subfield code="2">22</subfield>
   <subfield code="a">808.0427</subfield>
  </datafield>
  <datafield tag="100" ind1="1" ind2=" ">
   <subfield code="a">Dole, Ivan G.</subfield>
   <subfield code="9">22470</subfield>
   <subfield code="4">author</subfield>
  </datafield>
  <datafield tag="245" ind1="1" ind2="0">
   <subfield code="a">Activate :</subfield>
   <subfield code="b">college reading /</subfield>
   <subfield code="c">Ivan G. Dole, Leslie Taggart.</subfield>
  </datafield>
  <datafield tag="260" ind1=" " ind2=" ">
   <subfield code="a">Boston :</subfield>
   <subfield code="b">Cengage Wadsworth,</subfield>
   <subfield code="c">c2012.</subfield>
  </datafield>
  <datafield tag="300" ind1=" " ind2=" ">
   <subfield code="a">xxx, 706 pages :</subfield>
   <subfield code="b">illustrations, (some colors.), color maps  ;</subfield>
   <subfield code="c">24 cm.</subfield>
  </datafield>
  <datafield tag="504" ind1=" " ind2=" ">
   <subfield code="a">Includes Bibliographies (pages 699-706) and indexes</subfield>
  </datafield>
  <datafield tag="526" ind1=" " ind2=" ">
   <subfield code="a">BIL</subfield>
  </datafield>
  <datafield tag="541" ind1=" " ind2=" ">
   <subfield code="a">Trim Education</subfield>
   <subfield code="e">32263</subfield>
  </datafield>
  <datafield tag="650" ind1=" " ind2="0">
   <subfield code="a">College readers.</subfield>
   <subfield code="9">22471</subfield>
  </datafield>
  <datafield tag="650" ind1=" " ind2="0">
   <subfield code="a">English language</subfield>
   <subfield code="x">Rhetoric</subfield>
   <subfield code="v">Problems, exercises, etc.</subfield>
   <subfield code="9">22472</subfield>
  </datafield>
  <datafield tag="650" ind1=" " ind2="0">
   <subfield code="a">Report writing</subfield>
   <subfield code="v">Problems, exercises, etc.</subfield>
   <subfield code="9">22473</subfield>
  </datafield>
  <datafield tag="700" ind1="1" ind2=" ">
   <subfield code="a">Taggart, Leslie.</subfield>
   <subfield code="9">22474</subfield>
   <subfield code="4">author</subfield>
  </datafield>
  <datafield tag="942" ind1=" " ind2=" ">
   <subfield code="2">ddc</subfield>
   <subfield code="c">BK</subfield>
  </datafield>
  <datafield tag="952" ind1=" " ind2=" ">
   <subfield code="0">0</subfield>
   <subfield code="1">0</subfield>
   <subfield code="2">ddc</subfield>
   <subfield code="4">0</subfield>
   <subfield code="6">808_042700000000000_DOL</subfield>
   <subfield code="7">0</subfield>
   <subfield code="9">61548</subfield>
   <subfield code="a">BRACUL</subfield>
   <subfield code="b">BRACUL</subfield>
   <subfield code="c">GEN</subfield>
   <subfield code="d">2017-10-25</subfield>
   <subfield code="e">Trim Education</subfield>
   <subfield code="g">7243.00</subfield>
   <subfield code="l">2</subfield>
   <subfield code="m">10</subfield>
   <subfield code="o">808.0427 DOL</subfield>
   <subfield code="p">3010032263</subfield>
   <subfield code="r">2023-05-02</subfield>
   <subfield code="s">2020-03-15</subfield>
   <subfield code="t">2</subfield>
   <subfield code="v">7243.00</subfield>
   <subfield code="w">2017-10-11</subfield>
   <subfield code="y">BK</subfield>
  </datafield>
  <datafield tag="952" ind1=" " ind2=" ">
   <subfield code="0">0</subfield>
   <subfield code="1">0</subfield>
   <subfield code="2">ddc</subfield>
   <subfield code="4">0</subfield>
   <subfield code="6">808_042700000000000_DOL</subfield>
   <subfield code="7">0</subfield>
   <subfield code="9">61549</subfield>
   <subfield code="a">BRACUL</subfield>
   <subfield code="b">BRACUL</subfield>
   <subfield code="c">GEN</subfield>
   <subfield code="d">2017-10-25</subfield>
   <subfield code="e">Trim Education</subfield>
   <subfield code="g">7243.00</subfield>
   <subfield code="l">2</subfield>
   <subfield code="m">2</subfield>
   <subfield code="o">808.0427 DOL</subfield>
   <subfield code="p">3010032262</subfield>
   <subfield code="r">2019-12-23</subfield>
   <subfield code="s">2019-12-18</subfield>
   <subfield code="t">1</subfield>
   <subfield code="v">7243.00</subfield>
   <subfield code="w">2017-10-11</subfield>
   <subfield code="y">BK</subfield>
  </datafield>
 </record>
</collection>
